| 000 | 00904nas a2200337 4500 | ||
|---|---|---|---|
| 001 | BR2013003515 | ||
| 003 | BR-BrBNA | ||
| 005 | 20231205122259.0 | ||
| 007 | ta | ||
| 008 | 230509b bl.|||p| |||| 00| 00por d | ||
| 040 |
_aBR-BrBNA _bpor _cBiblioteca Nacional de Agricultura |
||
| 041 | _a(Pt) | ||
| 072 | _aP01; F70; B50 | ||
| 100 | 1 | _aMuller, J.J.V. | |
| 100 | 1 | _aSalerno, A.R. | |
| 245 | 1 | _aFlora Catarinense: Morro Baú | |
| 650 | _aSANTA CATARINA | ||
| 650 | _aCOLEÇÃO DE PLANTA | ||
| 650 | _aHERBÁRIO | ||
| 650 | _aPARQUE | ||
| 650 | _aCLIMA | ||
| 650 | _aVEGETAÇÃO | ||
| 650 | _aGEOLOGIA | ||
| 650 | _aSOLO | ||
| 650 | _aRECURSO HÍDRICO | ||
| 650 | _aRESERVA | ||
| 650 | _aHISTÓRIA | ||
| 773 | 0 |
_tAgropecuária Catarinense (Brazil) _xISSN 0103-0779 _g(Mar 2013), v. 26(1) p. 32-34 _wBR2013003515 |
|
| 909 |
_a202311 _bLúcia _c55 _dLúcia Elande |
||
| 942 |
_2AGRIS _n0 _cANA |
||
| 999 |
_c227848 _d227848 |
||